Basic technical mathematics with calculus. (3rd ed.) (Record no. 81041)
[ view plain ]
| 000 -LEADER | |
|---|---|
| fixed length control field | 01062nam a2200217 a 4500 |
| 008 - FIXED-LENGTH DATA ELEMENTS--GENERAL INFORMATION | |
| fixed length control field | 120416s1978 ||||||||||||||||| || u |
| 020 ## - INTERNATIONAL STANDARD BOOK NUMBER | |
| International Standard Book Number | 0805395210 |
| 050 ## - LIBRARY OF CONGRESS CALL NUMBER | |
| Classification number | QA 305 Was |
| 100 ## - MAIN ENTRY--PERSONAL NAME | |
| Personal name | Washington, Allyn J |
| 245 10 - TITLE STATEMENT | |
| Title | Basic technical mathematics with calculus. (3rd ed.) |
| 250 ## - EDITION STATEMENT | |
| Edition statement | 3rd ed. |
| 260 ## - PUBLICATION, DISTRIBUTION, ETC. (IMPRINT) | |
| Place of publication, distribution, etc | Menlo Park, Calif. : |
| Name of publisher, distributor, etc | Benjamin/Cummings Pub. Co |
| Date of publication, distribution, etc | 1978 |
| 300 ## - PHYSICAL DESCRIPTION | |
| Extent | xvi, 837, [128] p. : ill. |
| 350 ## - | |
| -- | 0.00 |
| 650 #0 - SUBJECT ADDED ENTRY--TOPICAL TERM | |
| Topical term or geographic name as entry element | CALCULUS |
| 650 #0 - SUBJECT ADDED ENTRY--TOPICAL TERM | |
| Topical term or geographic name as entry element | MATHEMATICS--HANDBOOKS, MANUALS, ETC |
| 995 ## - RECOMMENDATION 995 [LOCAL, UNIMARC FRANCE] | |
| -- | 0.00 |
| -- | CBU-MAIN LIBRARY (Kitwe) |
| -- | 2 |
| -- | 31.95 |
| -- | 2 |
| -- | AVAILABLE |
| -- | Short Loan Collection |
| 995 ## - RECOMMENDATION 995 [LOCAL, UNIMARC FRANCE] | |
| -- | 0.00 |
| -- | CBU-MAIN LIBRARY (Kitwe) |
| -- | 3 |
| -- | 31.95 |
| -- | 3 |
| -- | AVAILABLE |
| -- | Short Loan Collection |
| 995 ## - RECOMMENDATION 995 [LOCAL, UNIMARC FRANCE] | |
| -- | 0.00 |
| -- | CBU-MAIN LIBRARY (Kitwe) |
| -- | 1 |
| -- | 31.95 |
| -- | 1 |
| -- | AVAILABLE |
| -- | Short Loan Collection |
| 995 ## - RECOMMENDATION 995 [LOCAL, UNIMARC FRANCE] | |
| -- | 0.00 |
| -- | CBU-MAIN LIBRARY (Kitwe) |
| -- | 4 |
| -- | 31.95 |
| -- | 4 |
| -- | AVAILABLE |
| -- | Short Loan Collection |
| Withdrawn status | Lost status | Source of classification or shelving scheme | Damaged status | Not for loan | Permanent Location | Current Location | Shelving location | Date acquired | Total Checkouts | Full call number | Barcode | Date last seen | Copy number | Price effective from | Koha item type | Date checked out |
|---|---|---|---|---|---|---|---|---|---|---|---|---|---|---|---|---|
| CBU-MAIN LIBRARY, KITWE. | CBU-MAIN LIBRARY, KITWE. | 07/14/2023 | QA 305 Was | 020432 | 07/14/2023 | 1 | 07/14/2023 | SHORT LOAN COLLECTION | ||||||||
| CBU-MAIN LIBRARY, KITWE. | CBU-MAIN LIBRARY, KITWE. | 07/14/2023 | QA 305 Was | 020913 | 07/14/2023 | 2 | 07/14/2023 | SHORT LOAN COLLECTION | ||||||||
| CBU-MAIN LIBRARY, KITWE. | CBU-MAIN LIBRARY, KITWE. | 07/14/2023 | 1 | QA 305 Was | 020304 | 02/26/2025 | 3 | 07/14/2023 | SHORT LOAN COLLECTION | 02/26/2025 | ||||||
| CBU-MAIN LIBRARY, KITWE. | CBU-MAIN LIBRARY, KITWE. | 07/14/2023 | QA 305 Was | 020301 | 07/14/2023 | 4 | 07/14/2023 | SHORT LOAN COLLECTION |